[Event "South Island-ch"]
[Site "Hanmer Springs"]
[Date "2019.10.07"]
[Round "4"]
[White "Rains, Timothy"]
[Black "Dolejs, Dan E"]
[Result "1-0"]
[WhiteElo "1821"]
[BlackElo "1691"]
[PlyCount "83"]
[EventDate "2019.10.05"]
[EventType "swiss"]
[EventRounds "9"]
[EventCountry "NZL"]
[SourceTitle "EXT 2023"]
[Source "ChessBase"]
[SourceDate "2022.10.05"]
[SourceVersion "1"]
[SourceVersionDate "2022.10.05"]
[SourceQuality "1"]

1. d4 d5 2. c4 e6 3. Nc3 Nf6 4. Nf3 c6 5. Bf4 Bd6 6. Bxd6 Qxd6 7. e3 0-0 8. c5 Qe7 9. Ne5 Nbd7 10. f4 Ne4 11. Nxe4 dxe4 12. Nc4 b6 13. b4 a5 14. a3 axb4 15. axb4 Rxa1 16. Qxa1 Bb7 17. Nd6 Ra8 18. Qb2 Nf8 19. Nxe4 Ba6 20. Bxa6 Rxa6 21. 0-0 Qd7 22. Nd6 Ng6 23. Qb3 Ne7 24. Rd1 b5 25. e4 Nc8 26. Nxc8 Qxc8 27. d5 exd5 28. exd5 h6 29. dxc6 Rxc6 30. Qd5 Qg4 31. h3 Qg6 32. Qd8+ Kh7 33. Qd3 f5 34. Qxb5 Re6 35. Qf1 Rc6 36. Rc1 Qe8 37. Qd3 Rg6 38. b5 Qa8 39. Qd2 Qa3 40. Kh1 Rg3 41. c6 Rd3 42. Qxd3 1-0

[Event "NZL-ch Major op"]
[Site "Auckland"]
[Date "2019.01.21"]
[Round "8"]
[White "Kievelitz, Bernd"]
[Black "Rains, Timothy"]
[Result "1/2-1/2"]
[WhiteElo "1835"]
[BlackElo "1834"]
[PlyCount "90"]
[EventDate "2019.01.14"]
[EventType "swiss"]
[EventRounds "9"]
[EventCountry "NZL"]
[SourceTitle "CBM 189 Extra"]
[Source "ChessBase"]
[SourceDate "2019.06.03"]
[SourceVersion "1"]
[SourceVersionDate "2019.06.03"]
[SourceQuality "1"]

1. Nf3 Nf6 2. b3 g6 3. Bb2 Bg7 4. g3 d6 5. Bg2 Nc6 6. 0-0 0-0 7. d3 e5 8. Nbd2 Nh5 9. Ne1 f5 10. e3 f4 11. exf4 exf4 12. Bxg7 Kxg7 13. Ndf3 Bd7 14. d4 Qc8 15. Qd2 Bh3 16. Nd3 Bxg2 17. Kxg2 Qd7 18. Rae1 Rf6 19. h3 fxg3 20. fxg3 Raf8 21. Qe3 h6 22. d5 Nd8 23. Qe7+ R6f7 24. Qxd7 Rxd7 25. Nd4 Rxf1 26. Rxf1 Nf6 27. c4 c6 28. dxc6 bxc6 29. Re1 c5 30. Nb5 a6 31. Nc3 Nc6 32. Nf4 Ne5 33. Rd1 g5 34. Nfd5 Nxd5 35. Rxd5 Kf6 36. Ne4+ Ke6 37. a3 a5 38. Nc3 Rb7 39. Nb5 Rb6 40. a4 Nd7 41. Rd3 Ne5 42. Re3 Rb7 43. Re2 Rd7 44. Rd2 Nf7 45. Re2+ Ne5 1/2-1/2

[Event "NZL-ch Major op"]
[Site "Auckland"]
[Date "2019.01.20"]
[Round "7"]
[White "Rains, Timothy"]
[Black "Burgess, Ken"]
[Result "1-0"]
[WhiteElo "1834"]
[BlackElo "1634"]
[PlyCount "39"]
[EventDate "2019.01.14"]
[EventType "swiss"]
[EventRounds "9"]
[EventCountry "NZL"]
[SourceTitle "CBM 189 Extra"]
[Source "ChessBase"]
[SourceDate "2019.06.03"]
[SourceVersion "1"]
[SourceVersionDate "2019.06.03"]
[SourceQuality "1"]

1. d4 d5 2. c4 Bf5 3. Nc3 e6 4. Qb3 Nc6 5. Nf3 Nb4 6. cxd5 Nc2+ 7. Kd2 Nxa1 8. Qb5+ Qd7 9. Qxb7 Rc8 10. e4 exd5 11. Ne5 Qd8 12. exf5 Qg5+ 13. Kd1 Qxf5 14. Bb5+ c6 15. Bxc6+ Rxc6 16. Qxc6+ Kd8 17. Qxd5+ Kc8 18. Qa8+ Kc7 19. Nd5+ Kd6 20. Qc6# 1-0

[Event "NZL-ch Major op"]
[Site "Auckland"]
[Date "2019.01.19"]
[Round "6"]
[White "He, Paul"]
[Black "Rains, Timothy"]
[Result "0-1"]
[WhiteElo "1473"]
[BlackElo "1834"]
[PlyCount "136"]
[EventDate "2019.01.14"]
[EventType "swiss"]
[EventRounds "9"]
[EventCountry "NZL"]
[SourceTitle "CBM 189 Extra"]
[Source "ChessBase"]
[SourceDate "2019.06.03"]
[SourceVersion "1"]
[SourceVersionDate "2019.06.03"]
[SourceQuality "1"]

1. c4 c5 2. Nc3 Nc6 3. g3 g6 4. Bg2 Bg7 5. e3 d6 6. Nge2 Nf6 7. 0-0 0-0 8. b3 a6 9. Bb2 Bf5 10. Nf4 Rb8 11. Re1 Nb4 12. e4 Bd7 13. a3 Nc6 14. Rb1 Nd4 15. d3 e5 16. Nfd5 Nxd5 17. Nxd5 b5 18. Bc3 f5 19. Bxd4 exd4 20. Nf4 Re8 21. exf5 Bxf5 22. Bd5+ Kh8 23. Ne6 Qd7 24. Nxg7 Kxg7 25. Qd2 b4 26. a4 a5 27. Be4 Re5 28. f4 Ree8 29. Qg2 Qf7 30. Bd5 Qf8 31. Qd2 Rxe1+ 32. Rxe1 Re8 33. Rxe8 Qxe8 34. Kf2 Kf6 35. h4 h6 36. Bf3 Bd7 37. Qe2 Qc8 38. Bd5 Bg4 39. Qe1 Qd7 40. Bg2 Be6 41. Qe2 Bf5 42. Bd5 Qd8 43. Bc6 Bc8 44. Bd5 Bd7 45. Bf3 Qe7 46. Qd2 Qe8 47. Bd1 Kg7 48. Bf3 Qe6 49. Bd5 Qf5 50. Qe2 Kf6 51. Bf3 g5 52. Be4 Qg4 53. Bf3 Qe6 54. fxg5+ hxg5 55. hxg5+ Kxg5 56. Qd2+ Kf6 57. Qh6+ Ke7 58. Qh4+ Qf6 59. Qe4+ Qe6 60. Qh4+ Qf6 61. Qe4+ Qe5 62. Qh4+ Kf7 63. Bh5+ Kg7 64. Qf4 Qxf4+ 65. gxf4 Kf6 66. Kg3 Bc6 67. Bf3 Be8 68. Be4 Bxa4 0-1

[Event "NZL-ch Major op"]
[Site "Devonport"]
[Date "2016.01.10"]
[Round "9"]
[White "Rains, Timothy"]
[Black "Bryan, Jason"]
[Result "1/2-1/2"]
[WhiteElo "1819"]
[BlackElo "1833"]
[PlyCount "109"]
[EventDate "2016.01.02"]
[EventType "swiss"]
[EventRounds "9"]
[EventCountry "NZL"]
[SourceTitle "EXT 2018"]
[Source "ChessBase"]
[SourceDate "2017.10.13"]
[SourceVersion "1"]
[SourceVersionDate "2017.10.13"]
[SourceQuality "1"]

1. d4 d5 2. c4 c6 3. Nc3 Nf6 4. Nf3 e6 5. Bg5 dxc4 6. e4 b5 7. e5 h6 8. Bh4 g5 9. exf6 gxh4 10. a4 Bb4 11. Be2 Bb7 12. 0-0 Bxc3 13. bxc3 Qxf6 14. Qb1 a6 15. Ne5 Nd7 16. f4 Rb8 17. Bh5 Rf8 18. Qh7 Qf5 19. Qxf5 exf5 20. Rae1 Kd8 21. Nxf7+ Kc7 22. Re7 bxa4 23. Ne5 Bc8 24. Bf3 Rf6 25. Nxc4 Rb3 26. Rc1 Kd8 27. Rg7 Nb6 28. Ne5 a3 29. Bd1 Rb2 30. Nd3 Rd2 31. Nc5 Nd5 32. Bf3 a2 33. Nb7+ Bxb7 34. Rxb7 Nxc3 35. Rb6 Ne2+ 36. Bxe2 Rxe2 37. Kf1 Rd2 38. Rxa6 Rg6 39. d5 Rdxg2 40. Ra8+ Kc7 41. Rxc6+ Rxc6 42. Kxg2 Rc2+ 43. Kh3 Kd6 44. Ra5 Rf2 45. Kxh4 Rxh2+ 46. Kg3 Rb2 47. Kh4 Rf2 48. Kg3 Rd2 49. Kh4 Kc7 50. Kh5 Kd6 51. Kxh6 Rg2 52. Kh5 Rg4 53. Rxa2 Kxd5 54. Ra4 Rg8 55. Kh4 1/2-1/2

[Event "NZL-ch Major op"]
[Site "Devonport"]
[Date "2016.01.06"]
[Round "5"]
[White "Rains, Timothy"]
[Black "Wells, Clinton A"]
[Result "0-1"]
[WhiteElo "1819"]
[BlackElo "1931"]
[PlyCount "124"]
[EventDate "2016.01.02"]
[EventType "swiss"]
[EventRounds "9"]
[EventCountry "NZL"]
[SourceTitle "EXT 2018"]
[Source "ChessBase"]
[SourceDate "2017.10.13"]
[SourceVersion "1"]
[SourceVersionDate "2017.10.13"]
[SourceQuality "1"]

1. d4 Nf6 2. c4 g6 3. Nc3 Bg7 4. e4 d6 5. Be3 0-0 6. Bd3 e5 7. d5 a5 8. Nge2 Nbd7 9. f3 h5 10. Qd2 c6 11. Bc2 cxd5 12. exd5 Nc5 13. Bg5 Bd7 14. Rb1 Qc8 15. 0-0 Re8 16. Ng3 Nh7 17. Bh6 f5 18. Bxg7 Kxg7 19. Kh1 Na6 20. b3 Nb4 21. Bd1 Qd8 22. a3 Na6 23. Bc2 h4 24. Nge2 Qg5 25. Qxg5 Nxg5 26. f4 Nf7 27. fxe5 Rxe5 28. Nd4 Rh8 29. h3 Nc5 30. Nf3 Re3 31. Nd1 Re2 32. Nd4 Re7 33. Nf2 Ng5 34. Rfe1 Rhe8 35. Rxe7+ Rxe7 36. Kg1 Nce4 37. Nxe4 Nxe4 38. Re1 Kf6 39. Bxe4 Rxe4 40. Rxe4 fxe4 41. Kf2 Ke5 42. Ke3 Bc8 43. a4 Bd7 44. Ne2 Be8 45. Nc3 Bd7 46. Nxe4 Bf5 47. Nd2 Bc2 48. Nf3+ Kf6 49. Nd4 Bd1 50. Kd2 Ke5 51. Ne6 Bxb3 52. Nd8 Bxc4 53. Nxb7 Bxd5 54. Nxa5 Kd4 55. Kc2 Ke3 56. Nb3 Bxg2 57. a5 Bxh3 58. a6 Bg2 59. a7 h3 60. Nd2 Kf2 61. Kd3 h2 62. Nf3 Bxf3 0-1

[Event "NZL-ch Major op"]
[Site "Devonport"]
[Date "2016.01.05"]
[Round "4"]
[White "Rains, Timothy"]
[Black "Calitz, Hananke"]
[Result "1-0"]
[WhiteElo "1819"]
[BlackElo "1612"]
[PlyCount "95"]
[EventDate "2016.01.02"]
[EventType "swiss"]
[EventRounds "9"]
[EventCountry "NZL"]
[SourceTitle "EXT 2018"]
[Source "ChessBase"]
[SourceDate "2017.10.13"]
[SourceVersion "1"]
[SourceVersionDate "2017.10.13"]
[SourceQuality "1"]

1. d4 e6 2. Nf3 d5 3. Bf4 c5 4. e3 Nc6 5. c3 Nf6 6. Nbd2 Bd7 7. Bd3 Be7 8. Qc2 Rc8 9. 0-0 Qb6 10. dxc5 Bxc5 11. Nb3 h6 12. Qd2 Ne7 13. Ne5 Bd6 14. Qe2 Bxe5 15. Bxe5 Nc6 16. Bg3 e5 17. Rfd1 e4 18. Bc2 Bg4 19. f3 exf3 20. gxf3 Be6 21. Kh1 Ke7 22. e4 Rcd8 23. Bf2 Qc7 24. Bc5+ Ke8 25. Nd4 Nxd4 26. cxd4 dxe4 27. fxe4 Bg4 28. Ba4+ Rd7 29. Qg2 Bxd1 30. Rxd1 Rg8 31. Rf1 b6 32. Ba3 Nh7 33. e5 Kd8 34. Qa8+ Qc8 35. Qxc8+ Kxc8 36. Bxd7+ Kxd7 37. Rxf7+ Kc6 38. Rxa7 Ng5 39. Bb4 Ne6 40. Bc3 Rd8 41. Ra4 b5 42. Ra6+ Kd5 43. a3 Nf4 44. Kg1 h5 45. Kf2 g5 46. Ke3 Kc4 47. Rc6+ Kb3 48. Ke4 1-0

[Event "NZL-ch Major op"]
[Site "Devonport"]
[Date "2016.01.03"]
[Round "2"]
[White "Charles, Dion"]
[Black "Rains, Timothy"]
[Result "0-1"]
[WhiteElo "1629"]
[BlackElo "1819"]
[PlyCount "124"]
[EventDate "2016.01.02"]
[EventType "swiss"]
[EventRounds "9"]
[EventCountry "NZL"]
[SourceTitle "EXT 2018"]
[Source "ChessBase"]
[SourceDate "2017.10.13"]
[SourceVersion "1"]
[SourceVersionDate "2017.10.13"]
[SourceQuality "1"]

1. e4 c5 2. Nc3 e6 3. f4 b6 4. Nf3 Bb7 5. d3 d6 6. Qe2 Nf6 7. g3 Nbd7 8. Bg2 Be7 9. 0-0 0-0 10. Nd1 Re8 11. Nf2 Rc8 12. g4 c4 13. Nd4 cxd3 14. cxd3 e5 15. Nf5 Nc5 16. g5 Nfd7 17. h4 Ne6 18. Nh3 Ndf8 19. Be3 Ba6 20. Nxe7+ Rxe7 21. f5 Nc5 22. Rad1 Rec7 23. Nf2 Qe8 24. Bh3 Nfd7 25. f6 g6 26. h5 Ne6 27. hxg6 hxg6 28. Ng4 Rc2 29. Nh6+ Kf8 30. Qg4 Ndc5 31. Qh4 Rc7 32. Bxc5 bxc5 33. Nf5 Kg8 34. Nh6+ Kf8 35. Nxf7 Qxf7 36. Qh8+ Qg8 37. Qxg8+ Kxg8 38. Bxe6+ Kf8 39. Rf2 Rxf2 40. Kxf2 Rh7 41. Kg2 Rh5 42. Kf2 Rxg5 43. Rg1 Rxg1 44. Kxg1 Bxd3 45. Bd5 Bb5 46. a3 a5 47. f7 Be2 48. Kf2 Bh5 49. Kg3 g5 50. Kh3 Bxf7 51. Bc6 Be6+ 52. Kg3 Ke7 53. Bb5 Kf6 54. Bc6 Bb3 55. Bb7 Bd1 56. Bd5 Ke7 57. Bc4 a4 58. Bd5 Kd7 59. Bc4 Kc6 60. Kg2 Bb3 61. Be2 c4 62. Kg3 Kc5 0-1

[Event "Oceania zt"]
[Site "Cammeray"]
[Date "2015.07.07"]
[Round "6"]
[White "Prasad, Calvin"]
[Black "Rains, Timothy"]
[Result "1-0"]
[WhiteElo "2009"]
[BlackElo "1870"]
[PlyCount "43"]
[EventDate "2015.07.04"]
[EventType "swiss"]
[EventRounds "9"]
[EventCountry "AUS"]
[SourceTitle "CBM 167 Extra"]
[Source "ChessBase"]
[SourceDate "2015.09.14"]
[SourceVersion "1"]
[SourceVersionDate "2015.09.14"]
[SourceQuality "1"]

1. Nf3 d5 2. c4 d4 3. g3 c5 4. Bg2 Nc6 5. 0-0 e5 6. d3 f5 7. e3 Nf6 8. exd4 cxd4 9. Re1 Bd6 10. Nxe5 Nxe5 11. f4 Nfd7 12. fxe5 Be7 13. e6 Nc5 14. Bd5 a5 15. Na3 Qb6 16. Nb5 Na6 17. Bf4 g6 18. Qd2 Bb4 19. Qe2 Bxe1 20. Rxe1 h6 21. Qe5 Rh7 22. Qf6 1-0

[Event "Oceania zt"]
[Site "Cammeray"]
[Date "2015.07.07"]
[Round "5"]
[White "Rains, Timothy"]
[Black "Wan, Kinto"]
[Result "1-0"]
[WhiteElo "1870"]
[BlackElo "1934"]
[PlyCount "89"]
[EventDate "2015.07.04"]
[EventType "swiss"]
[EventRounds "9"]
[EventCountry "AUS"]
[SourceTitle "CBM 167 Extra"]
[Source "ChessBase"]
[SourceDate "2015.09.14"]
[SourceVersion "1"]
[SourceVersionDate "2015.09.14"]
[SourceQuality "1"]

1. d4 Nf6 2. c4 e6 3. Nc3 d5 4. e3 Nbd7 5. Nf3 c6 6. Qc2 Bd6 7. Bd3 Qe7 8. 0-0 0-0 9. Nd2 e5 10. cxd5 cxd5 11. dxe5 Nxe5 12. Be2 Bd7 13. Nf3 Rac8 14. Qb3 Bc6 15. Nd4 Rfd8 16. Nf5 Qd7 17. Nxd6 Qxd6 18. Nb5 Qb8 19. Nd4 Bd7 20. Bd2 Ne4 21. Ba5 b6 22. Be1 Nc4 23. Bxc4 Rxc4 24. f3 Nd6 25. Bg3 a6 26. Qa3 Bc8 27. Rad1 Qc7 28. Nb3 Qc6 29. Nd4 Qc5 30. Qxc5 bxc5 31. Nc6 Rd7 32. Ne5 Rd8 33. Nxc4 Nxc4 34. Bf2 Be6 35. b3 Na3 36. Rc1 Rc8 37. Rfd1 a5 38. Bg3 Rc6 39. e4 d4 40. Rxd4 h6 41. Ra4 Nb5 42. Rxa5 Nd4 43. Ra8+ Kh7 44. Kf1 f5 45. Bf2 1-0

[Event "NZL-ch op 122nd"]
[Site "Auckland"]
[Date "2015.01.09"]
[Round "9"]
[White "McNabb, Matthew David"]
[Black "Rains, Timothy"]
[Result "1/2-1/2"]
[WhiteElo "2100"]
[BlackElo "1814"]
[PlyCount "149"]
[EventDate "2015.01.01"]
[EventType "swiss"]
[EventRounds "9"]
[EventCountry "NZL"]
[SourceTitle "CBM 164 Extra"]
[Source "ChessBase"]
[SourceDate "2015.03.02"]
[SourceVersion "1"]
[SourceVersionDate "2015.03.02"]
[SourceQuality "1"]

1. d4 d5 2. c4 c6 3. Nf3 Nf6 4. Nc3 Bf5 5. cxd5 cxd5 6. Qb3 Bc8 7. Bf4 a6 8. Rc1 e6 9. Na4 b5 10. Nb6 Qxb6 11. Rxc8+ Kd7 12. Rc7+ Ke8 13. e3 Nbd7 14. Rc2 Qa5+ 15. Kd1 Ne4 16. Bd3 Nd6 17. Ke2 Nc4 18. e4 f6 19. exd5 exd5 20. Re1 Bb4 21. Rec1 Kf7 22. a3 Rhe8+ 23. Kf1 Bf8 24. Rc3 g6 25. Qc2 Kg7 26. h4 f5 27. h5 Nf6 28. hxg6 hxg6 29. Bxf5 gxf5 30. Qxf5 Ra7 31. Nh4 Qb6 32. Rh3 Kg8 33. Ng6 Bg7 34. b3 Nd6 35. Bxd6 Qxd6 36. Rc8 Ra8 37. Rxa8 Rxa8 38. Ne5 Re8 39. b4 Qe6 40. Qxe6+ Rxe6 41. f4 Ne4 42. g4 Nd2+ 43. Ke2 Nc4 44. g5 Re7 45. Kf2 Rc7 46. Rc3 Ra7 47. Kg3 Ra8 48. Kg4 a5 49. Nc6 axb4 50. axb4 Ra6 51. Ne7+ Kf7 52. Nxd5 Bxd4 53. Rd3 Bb2 54. Nc7 Rd6 55. Rb3 Rb6 56. f5 Rb7 57. g6+ Kg8 58. Ne6 Bf6 59. Rb1 Ne5+ 60. Kh5 Rb8 61. Ra1 Nc6 62. Ra6 Nxb4 63. Ra7 Nd5 64. Rd7 Ne7 65. Nc5 Nxf5 66. Rd1 Ng7+ 67. Kg4 b4 68. Nd7 Rf8 69. Nxf8 Kxf8 70. Rd7 Bc3 71. Rb7 Ke8 72. Kg5 Bd2+ 73. Kf6 Bc3+ 74. Kg5 Bd2+ 75. Kf6 1/2-1/2

[Event "NZL-ch op 122nd"]
[Site "Auckland"]
[Date "2015.01.04"]
[Round "4"]
[White "Rains, Timothy"]
[Black "Watharow, Sean"]
[Result "1-0"]
[WhiteElo "1814"]
[BlackElo "1876"]
[PlyCount "115"]
[EventDate "2015.01.01"]
[EventType "swiss"]
[EventRounds "9"]
[EventCountry "NZL"]
[SourceTitle "CBM 164 Extra"]
[Source "ChessBase"]
[SourceDate "2015.03.02"]
[SourceVersion "1"]
[SourceVersionDate "2015.03.02"]
[SourceQuality "1"]

1. d4 Nf6 2. c4 c5 3. d5 b5 4. cxb5 a6 5. b6 Qxb6 6. Nc3 d6 7. e4 Nbd7 8. Nf3 g6 9. Be2 Bg7 10. 0-0 0-0 11. Nd2 Ne8 12. Nc4 Qc7 13. Bg5 Ne5 14. f4 Nxc4 15. Bxc4 Rb8 16. Qd2 Rb4 17. b3 h6 18. Bh4 Nf6 19. Rae1 Nh5 20. h3 Bd4+ 21. Kh1 Nxf4 22. Rxf4 g5 23. Rf3 gxh4 24. Qxh6 Bg7 25. Qxh4 f6 26. Rg3 f5 27. exf5 Rf7 28. Qg5 Bxf5 29. Rf1 Qd7 30. Bd3 e6 31. Bc4 Rb8 32. Re3 Kh7 33. Qh5+ Kg8 34. dxe6 Bxe6 35. Bxe6 Qxe6 36. Rxe6 Rxf1+ 37. Kh2 Bxc3 38. Rg6+ Bg7 39. Qd5+ Kh7 40. Qxd6 Re8 41. Rg5 Rf6 42. Qxc5 Rfe6 43. Rh5+ Kg8 44. Qc4 Kf8 45. Rf5+ Kg8 46. h4 Kh7 47. Rh5+ Bh6 48. Qd3+ Kg7 49. Rf5 R8e7 50. h5 Kh8 51. a4 Bg7 52. g3 Re3 53. Qc4 R7e6 54. Qc5 Kh7 55. b4 Ra3 56. Qc4 Ree3 57. Rg5 Rf3 58. Qc7 1-0

[Event "NZL-ch op 122nd"]
[Site "Auckland"]
[Date "2015.01.03"]
[Round "3"]
[White "Fan, Allen Chi Zhou"]
[Black "Rains, Timothy"]
[Result "0-1"]
[WhiteElo "2000"]
[BlackElo "1814"]
[PlyCount "84"]
[EventDate "2015.01.01"]
[EventType "swiss"]
[EventRounds "9"]
[EventCountry "NZL"]
[SourceTitle "CBM 164 Extra"]
[Source "ChessBase"]
[SourceDate "2015.03.02"]
[SourceVersion "1"]
[SourceVersionDate "2015.03.02"]
[SourceQuality "1"]

1. Nf3 d5 2. c4 d4 3. g3 c5 4. Bg2 Nc6 5. d3 e5 6. 0-0 Bd6 7. Na3 f5 8. e3 Nf6 9. Re1 0-0 10. Nb5 Bb8 11. exd4 cxd4 12. Qb3 h6 13. Nd2 a6 14. Na3 Nd7 15. c5+ Kh8 16. Qc4 Qa5 17. Bxc6 bxc6 18. b4 Qd8 19. Nb3 Nf6 20. Qc2 Nd5 21. Bd2 f4 22. gxf4 Nxf4 23. Bxf4 Rxf4 24. Re4 Bh3 25. Kh1 Qf6 26. Rxf4 Qxf4 27. f3 Qxf3+ 28. Kg1 e4 29. Nxd4 Qe3+ 30. Kh1 Qxd4 31. Re1 e3 32. Nc4 Bf4 33. Qe2 Re8 34. Qh5 Qd5+ 35. Qxd5 cxd5 36. Nb6 e2 37. Nxd5 Bd2 38. c6 Bxe1 39. Nf4 Bxb4 40. Nxe2 Rxe2 41. Kg1 Bc5+ 42. Kh1 Re1# 0-1

[Event "North Island-ch"]
[Site "Wellington"]
[Date "2013.03.31"]
[Round "5"]
[White "Rains, Timothy"]
[Black "Nyberg, Michael"]
[Result "0-1"]
[WhiteElo "1713"]
[BlackElo "1955"]
[PlyCount "74"]
[EventDate "2013.03.29"]
[EventType "swiss"]
[EventRounds "8"]
[EventCountry "NZL"]
[SourceTitle "EXT 2018"]
[Source "ChessBase"]
[SourceDate "2017.10.13"]
[SourceVersion "1"]
[SourceVersionDate "2017.10.13"]
[SourceQuality "1"]

1. d4 Nf6 2. c4 g6 3. Nc3 Bg7 4. Bf4 d6 5. e4 Nbd7 6. Nf3 c5 7. d5 0-0 8. Bd3 Nh5 9. Be3 Ne5 10. Nxe5 Bxe5 11. 0-0 Nf4 12. Qd2 Nxd3 13. Qxd3 f5 14. f4 fxe4 15. Qxe4 Bf5 16. Qf3 Bg7 17. Qe2 Rc8 18. Rae1 Qd7 19. h3 h5 20. Bd2 Rce8 21. Nd1 e5 22. Qf3 exf4 23. Bxf4 Bd4+ 24. Kh1 Bc2 25. Qg3 Qf7 26. h4 Rxe1 27. Qxe1 Be5 28. g3 Bd3 29. Rf2 Bxc4 30. Bh6 Qxd5+ 31. Kh2 Rxf2+ 32. Nxf2 Bxa2 33. Ne4 Qd3 34. Ng5 Qc2+ 35. Kh3 Bd5 36. Qf1 Qf5+ 37. Qxf5 gxf5 0-1

[Event "NZL-ch Major op"]
[Site "Wellington"]
[Date "2013.01.08"]
[Round "9"]
[White "Timergazi, Layla"]
[Black "Rains, Timothy"]
[Result "0-1"]
[WhiteElo "1828"]
[BlackElo "1756"]
[PlyCount "72"]
[EventDate "2012.12.31"]
[EventType "swiss"]
[EventRounds "11"]
[EventCountry "NZL"]
[SourceTitle "CBM 152 Extra"]
[Source "ChessBase"]
[SourceDate "2013.02.25"]
[SourceVersion "1"]
[SourceVersionDate "2013.02.25"]
[SourceQuality "1"]

1. d4 Nf6 2. c4 g6 3. Nc3 Bg7 4. e4 d6 5. h3 Nbd7 6. Be3 c5 7. d5 Nb6 8. Nf3 e6 9. Be2 exd5 10. exd5 0-0 11. Qd2 Re8 12. 0-0 Bf5 13. Bd3 Bxd3 14. Qxd3 Qd7 15. Rfe1 a6 16. Rab1 Na4 17. Bd2 Nxc3 18. Bxc3 b5 19. b4 bxc4 20. Qxc4 Rxe1+ 21. Rxe1 cxb4 22. Bxf6 Bxf6 23. Qxb4 a5 24. Qb6 Bc3 25. Rc1 Bb4 26. Rc7 Qf5 27. Qb7 Rf8 28. a4 h6 29. Qb5 Qb1+ 30. Kh2 Qa2 31. Kg1 Bc5 32. Rxc5 dxc5 33. Qxc5 Qxa4 34. d6 Rd8 35. Ne5 Qd1+ 36. Kh2 Qxd6 0-1

[Event "NZL-ch Major op"]
[Site "Wellington"]
[Date "2013.01.03"]
[Round "4"]
[White "Rains, Timothy"]
[Black "Millikan, Erlend"]
[Result "1-0"]
[WhiteElo "1756"]
[BlackElo "1750"]
[PlyCount "67"]
[EventDate "2012.12.31"]
[EventType "swiss"]
[EventRounds "11"]
[EventCountry "NZL"]
[SourceTitle "CBM 152 Extra"]
[Source "ChessBase"]
[SourceDate "2013.02.25"]
[SourceVersion "1"]
[SourceVersionDate "2013.02.25"]
[SourceQuality "1"]

1. d4 d5 2. c4 c6 3. Nc3 Nf6 4. Bf4 e6 5. Nf3 Bb4 6. Qc2 dxc4 7. Ne5 b5 8. e3 Qa5 9. a3 Nd5 10. Kd2 Bxc3+ 11. bxc3 0-0 12. Be2 Bb7 13. Rhb1 Nxf4 14. exf4 Qc7 15. g3 Nd7 16. h4 Nxe5 17. fxe5 a6 18. f4 Rad8 19. Ke3 c5 20. a4 cxd4+ 21. cxd4 Bc6 22. axb5 Bxb5 23. h5 Rd7 24. g4 f6 25. exf6 Rxf6 26. Qe4 Bc6 27. Qe5 Bb5 28. Rc1 Qb6 29. Qc5 Qb8 30. Qe5 Qd8 31. Rab1 Qa5 32. Bxc4 Qa3+ 33. Bb3 Qf8 34. Bxe6+ 1-0

[Event "South Island-ch"]
[Site "Dunedin"]
[Date "2012.10.13"]
[Round "8"]
[White "Rains, Timothy"]
[Black "Clarkson, Robert"]
[Result "1-0"]
[WhiteElo "1731"]
[BlackElo "1573"]
[PlyCount "133"]
[EventDate "2012.10.14"]
[EventType "swiss"]
[EventRounds "9"]
[EventCountry "NZL"]
[SourceTitle "EXT 2018"]
[Source "ChessBase"]
[SourceDate "2017.10.13"]
[SourceVersion "1"]
[SourceVersionDate "2017.10.13"]
[SourceQuality "1"]

1. d4 Nf6 2. c4 e6 3. Nc3 Be7 4. Bf4 b6 5. Nf3 Bb7 6. e3 0-0 7. Be2 d6 8. 0-0 Nbd7 9. h3 h6 10. Bg3 Rc8 11. Qa4 Ra8 12. Rfd1 Nb8 13. Rac1 Bc6 14. Qc2 Nbd7 15. e4 Ne8 16. Ne1 f5 17. d5 exd5 18. exd5 Bb7 19. Bd3 g6 20. Nf3 Nc5 21. Nd4 Ng7 22. Nce2 Bg5 23. Bf4 Bxf4 24. Nxf4 Qg5 25. g3 Rae8 26. b4 Qf6 27. Nb5 Na6 28. Qd2 Rf7 29. Nxa7 Nb8 30. Re1 Ree7 31. Re2 Nd7 32. Rce1 Ne5 33. Re3 g5 34. Rf1 gxf4 35. gxf4 Ng6 36. Rg3 Nh5 37. Rg2 Kf8 38. Qd1 Nhxf4 39. Rg3 h5 40. Kh2 Nxd3 41. Qxd3 Nf4 42. Qf3 Ng6 43. Qxh5 Rh7 44. Qxg6 Qxg6 45. Rxg6 Ref7 46. Kg3 f4+ 47. Kg4 b5 48. cxb5 Bxd5 49. a4 Be4 50. Rg5 Bg2 51. Rg1 Bxh3+ 52. Kf3 Bf5 53. Nc6 Rh3+ 54. Ke2 Bd3+ 55. Kd2 Bh7 56. a5 Rd3+ 57. Ke2 f3+ 58. Ke1 Rb3 59. a6 Rf4 60. R1g4 Rb1+ 61. Kd2 Rf6 62. a7 Rb2+ 63. Ke3 Re2+ 64. Kd4 Rd2+ 65. Kc3 Rc2+ 66. Kb3 Rc1 67. a8Q+ 1-0

[Event "South Island-ch"]
[Site "Dunedin"]
[Date "2012.10.11"]
[Round "4"]
[White "Lyall, Simon"]
[Black "Rains, Timothy"]
[Result "1-0"]
[WhiteElo "1777"]
[BlackElo "1731"]
[PlyCount "137"]
[EventDate "2012.10.14"]
[EventType "swiss"]
[EventRounds "9"]
[EventCountry "NZL"]
[SourceTitle "EXT 2018"]
[Source "ChessBase"]
[SourceDate "2017.10.13"]
[SourceVersion "1"]
[SourceVersionDate "2017.10.13"]
[SourceQuality "1"]

1. e4 c5 2. c3 Nc6 3. d4 cxd4 4. cxd4 g6 5. d5 Nb8 6. Qd4 f6 7. Nf3 Bg7 8. Bc4 Nh6 9. Nc3 0-0 10. 0-0 d6 11. Qe3 Nf7 12. Nd4 Ne5 13. Bd3 Nxd3 14. Qxd3 Na6 15. Ne6 Bxe6 16. dxe6 Nc7 17. f4 Nxe6 18. Qd5 Qc8 19. Be3 Rf7 20. Rac1 Nc7 21. Qb3 Na6 22. Nb5 Qd8 23. Nxa7 Nc5 24. Bxc5 dxc5 25. Nb5 b6 26. Rcd1 Qc8 27. Qc4 Qb7 28. Rd5 Kh8 29. Rfd1 Qc6 30. Rd7 Rff8 31. Na7 b5 32. Nxc6 bxc4 33. Rxe7 Rxa2 34. Rdd7 Rg8 35. Nd8 h5 36. Ne6 Rxb2 37. Nxg7 Ra8 38. Re8+ Rxe8 39. Nxe8 Kg8 40. Nxf6+ Kf8 41. Nd5 Rd2 42. Rc7 Rd4 43. Rxc5 Rxe4 44. g3 Kg7 45. Kf2 Rd4 46. Ke2 Kf7 47. Ne3 Kf6 48. Rxc4 Rd6 49. Rc5 Ra6 50. h4 Ra2+ 51. Kf3 Ra3 52. Ke4 Ra4+ 53. Rc4 Ra5 54. Rc6+ Kg7 55. Kf3 Ra3 56. Rc5 Kf6 57. Rg5 Rb3 58. g4 hxg4+ 59. Rxg4 Ra3 60. Rg5 Rb3 61. Re5 Ra3 62. Kg4 Ra1 63. Nd5+ Kg7 64. Re7+ Kf8 65. Kg5 Rg1+ 66. Kf6 Rg4 67. Rh7 Kg8 68. Rh6 Rg1 69. Ne7+ 1-0

[Event "NZL-ch U08/16"]
[Site "Waitakere"]
[Date "2012.07.03"]
[Round "1"]
[White "Zhang, Jasmine Haomo"]
[Black "Rains, Timothy"]
[Result "0-1"]
[WhiteElo "1010"]
[BlackElo "1770"]
[PlyCount "128"]
[EventDate "2012.07.06"]
[EventType "swiss"]
[EventRounds "7"]
[EventCountry "NZL"]
[SourceTitle "EXT 2018"]
[Source "ChessBase"]
[SourceDate "2017.10.13"]
[SourceVersion "1"]
[SourceVersionDate "2017.10.13"]
[SourceQuality "1"]

1. e4 c5 2. Nf3 Nc6 3. d4 cxd4 4. Nxd4 g6 5. Nc3 Bg7 6. Be3 d6 7. h3 Nf6 8. Bc4 0-0 9. 0-0 a6 10. a3 Qc7 11. Qd2 Nxd4 12. Qxd4 Ng4 13. Qd3 Nxe3 14. fxe3 e6 15. Rab1 b5 16. Ba2 Bb7 17. Ne2 Rac8 18. Bb3 Rfd8 19. Nf4 Kh8 20. Kh1 Qc6 21. Ne2 Kg8 22. Ng3 Be5 23. Rf3 Bxg3 24. Rxg3 Qxe4 25. Qxe4 Bxe4 26. Rc1 a5 27. c3 a4 28. Bc2 d5 29. Rg4 f5 30. Rf4 Rd6 31. Kh2 e5 32. Rff1 Bxc2 33. Rxc2 d4 34. Rd2 d3 35. Rb1 e4 36. Kg3 g5 37. Rf1 Rc5 38. Rff2 Kg7 39. h4 Kh6 40. Kh3 gxh4 41. Kxh4 Rg6 42. Rf4 Rd5 43. g4 Rg5 44. Kh3 Kg6 45. Kh4 h5 46. gxf5+ Rgxf5 47. Rg2+ Kf6 48. Rxf5+ Rxf5 49. Rh2 Rf3 50. Kxh5 Rxe3 51. Rd2 Re2 52. Rd1 d2 53. Kg4 Rf2 54. Kg3 e3 55. Rh1 Ke5 56. Rb1 Ke4 57. Rg1 Kd3 58. Rb1 Kc2 59. Rg1 d1Q 60. Rxd1 Kxd1 61. Kg4 e2 62. Kg3 e1Q 63. Kg4 Qg1+ 64. Kh3 Rh2# 0-1